000 00364cam a2200145ua 4500
020 _a9788131804094
082 _a620.0
_bBAN/TE
100 _aBansal, R K.
_979
100 _aSanjay Bansal.
_9490
245 _aA Textbook of Engineering Mechanics (In S.I. Units)
250 _a5/6
260 _aNew Delhi
_bLaxmi Publications
_c2013
300 _a807
942 _cBK
999 _c13602
_d13602